<?xml version="1.0" encoding="UTF-8"?>
<collection xmlns="http://www.loc.gov/MARC21/slim">
 <record>
  <leader>01232ppm a22003018a 4500</leader>
  <controlfield tag="001">00027143</controlfield>
  <controlfield tag="005">20171026081025.0</controlfield>
  <controlfield tag="008">111007s2009                  ||||||viesd</controlfield>
  <datafield tag="041" ind1="0" ind2="#">
   <subfield code="a">vie</subfield>
  </datafield>
  <datafield tag="082" ind1="1" ind2="4">
   <subfield code="b">Đ103C</subfield>
   <subfield code="a">539.7</subfield>
  </datafield>
  <datafield tag="100" ind1="1" ind2="#">
   <subfield code="a">Bùi, Ngọc Phép</subfield>
  </datafield>
  <datafield tag="245" ind1="1" ind2="0">
   <subfield code="a">Đại cương về các hạt cơ bản và sự hình thành vũ trụ theo thuyết Big Bang</subfield>
   <subfield code="b">Khóa luận tốt nghiệp : Ngành Sư phạm Lý - KTCN : Trình độ : Cao đẳng</subfield>
   <subfield code="c">Bùi Ngọc Phép; Huỳnh Vĩnh Phúc hướng dẫn</subfield>
  </datafield>
  <datafield tag="260" ind1="#" ind2="#">
   <subfield code="a">Đồng Tháp</subfield>
   <subfield code="b">Trường Đại học  Đồng Tháp</subfield>
   <subfield code="c">2009</subfield>
  </datafield>
  <datafield tag="300" ind1="#" ind2="#">
   <subfield code="a">49 tr.</subfield>
   <subfield code="c">30 cm.</subfield>
   <subfield code="b">hình vẽ</subfield>
   <subfield code="e">1 bản tóm tắt</subfield>
  </datafield>
  <datafield tag="500" ind1="#" ind2="#">
   <subfield code="a">ĐTTTS ghi: Bộ Giáo dục và Đào tạo. Trường Đại học  Đồng Tháp</subfield>
  </datafield>
  <datafield tag="502" ind1="#" ind2="#">
   <subfield code="a">Thư mục : tr.49</subfield>
  </datafield>
  <datafield tag="650" ind1=" " ind2=" ">
   <subfield code="a">Vật lí</subfield>
  </datafield>
  <datafield tag="653" ind1="#" ind2="#">
   <subfield code="a">Hạt</subfield>
  </datafield>
  <datafield tag="653" ind1="#" ind2="#">
   <subfield code="a">Thuyết Big Bang</subfield>
  </datafield>
  <datafield tag="653" ind1="#" ind2="#">
   <subfield code="a">Vũ trụ</subfield>
  </datafield>
  <datafield tag="700" ind1="1" ind2="#">
   <subfield code="a">Huỳnh, Vĩnh Phúc</subfield>
   <subfield code="e">hướng dẫn</subfield>
  </datafield>
  <datafield tag="852" ind1="#" ind2="#">
   <subfield code="b">Kho đọc</subfield>
   <subfield code="j">KD.0011709</subfield>
  </datafield>
  <datafield tag="852" ind1="#" ind2="#">
   <subfield code="j">KD.0011709</subfield>
  </datafield>
  <datafield tag="910" ind1="#" ind2="#">
   <subfield code="a">Ntuyet</subfield>
   <subfield code="d">07/10/2011</subfield>
  </datafield>
  <datafield tag="980" ind1="#" ind2="#">
   <subfield code="a">Trung tâm Học liệu Lê Vũ Hùng, Trường Đại học Đồng Tháp</subfield>
  </datafield>
 </record>
</collection>
